[Event "Dorsten- Katernberg 3"]
[Site "?"]
[Date "2022.09.25"]
[Round "2.3"]
[White "Geerlings, Gerd"]
[Black "Vengels, Joachim"]
[Result "1/2-1/2"]
[WhiteElo "1998"]
[BlackElo "1968"]
[PlyCount "55"]
[SourceDate "2022.10.02"]

1. Nf3 d5 2. b3 Nf6 3. Bb2 Bf5 4. e3 e6 5. Be2 Nbd7 6. O-O Bd6 7. d4 Rc8 8. c4
c6 9. Nc3 Qe7 10. Re1 O-O 11. Nh4 Ne4 12. Nxf5 exf5 13. g3 Ndf6 14. Bf3 Bb4 15.
Qd3 Rfd8 16. a3 Bxc3 17. Bxc3 Nxc3 18. Qxc3 Ne4 19. Qb2 g6 20. Rac1 h5 21. h4
Kg7 22. Kg2 Rd7 23. Rc2 Rh8 24. b4 Rhd8 25. Qb3 dxc4 26. Qxc4 a6 27. Qb3 Kg8
28. Qc4 1/2-1/2

[Event "Dorsten- Katernberg 3"]
[Site "?"]
[Date "2022.09.25"]
[Round "2.4"]
[White "Buesken, Klaus"]
[Black "Sauer, Bernd"]
[Result "1/2-1/2"]
[WhiteElo "1844"]
[BlackElo "1961"]
[PlyCount "69"]
[SourceDate "2022.10.02"]

1. Nf3 d5 2. b3 Nf6 3. Bb2 Bf5 4. g3 e6 5. Bg2 Be7 6. d4 Nbd7 7. O-O O-O 8. c4
c6 9. Nbd2 Ne4 10. Nxe4 Bxe4 11. Nd2 Bxg2 12. Kxg2 f5 13. e3 Qe8 14. a4 Qf7 15.
Ba3 Bxa3 16. Rxa3 e5 17. c5 exd4 18. exd4 Qf6 19. Nf3 Rae8 20. b4 g5 21. h3 Re4
22. Rd3 g4 23. hxg4 fxg4 24. Ng1 Qg7 25. Ne2 Rf5 26. Rh1 Nf8 27. Re3 Qe7 28.
Nf4 Rxe3 29. fxe3 Qe4+ 30. Kf2 Ng6 31. Re1 h5 32. Kg1 Rg5 33. Nxg6 Rxg6 34. Qb1
Qxb1 35. Rxb1 1/2-1/2

[Event "Dorsten- Katernberg 3"]
[Site "?"]
[Date "2022.09.25"]
[Round "2.5"]
[White "Nautsch, Werner"]
[Black "Nashir, Ramin"]
[Result "1-0"]
[WhiteElo "1910"]
[BlackElo "1669"]
[PlyCount "83"]
[SourceDate "2022.10.02"]

1. f4 Nf6 2. Nf3 d5 3. g3 c5 4. Bg2 Bf5 5. d3 Nc6 6. O-O Qd7 7. Ne5 Qe6 8. Nxc6
bxc6 9. Nc3 Bh3 10. Qe1 Bxg2 11. Kxg2 h5 12. f5 Qd7 13. Bg5 Nh7 14. h4 e6 15.
e4 d4 16. Ne2 e5 17. f6 Nxf6 18. Bxf6 gxf6 19. Rxf6 Bg7 20. Rf5 Ke7 21. Qf2 Qe6
22. Rf1 Raf8 23. b3 Rh6 24. Qf3 Qg6 25. Ng1 f6 26. Nh3 Qg4 27. Qxg4 hxg4 28.
Nf2 Rg6 29. h5 Rg5 30. Rxg5 fxg5 31. Nxg4 Rxf1 32. Kxf1 Ke6 33. Nf2 Kd6 34. Ke2
Kc7 35. Kf3 Kb6 36. Kg4 Bh6 37. Kf5 Bg7 38. Kxg5 Kb5 39. a3 a5 40. h6 Bxh6+ 41.
Kxh6 a4 42. g4 1-0

[Event "Dorsten- Katernberg 3"]
[Site "?"]
[Date "2022.09.25"]
[Round "2.6"]
[White "Schmidt, Christian"]
[Black "Blome, Simon"]
[Result "0-1"]
[WhiteElo "1660"]
[BlackElo "1913"]
[PlyCount "92"]
[SourceDate "2022.10.02"]

1. Nf3 Nf6 2. c4 c6 3. g3 d5 4. b3 Bf5 5. Bg2 h6 6. Bb2 Nbd7 7. O-O e6 8. d3
Be7 9. Nbd2 O-O 10. Rc1 a5 11. a3 Re8 12. Rc2 Qb6 13. Qa1 Bh7 14. Ne5 Bf8 15.
h3 Nxe5 16. Bxe5 Nd7 17. Bc3 f6 18. Rb1 Bc5 19. Rf1 d4 20. Bb2 e5 21. Qb1 Bf8
22. c5 Nxc5 23. Ba1 Red8 24. b4 axb4 25. axb4 Na4 26. Qb3+ Kh8 27. Qf7 Bg8 28.
Qg6 Qxb4 29. Rb1 Qe7 30. Rc4 Nc5 31. Rcb4 Ra7 32. Ne4 Bh7 33. Qh5 Nxe4 34. Bxe4
Bxe4 35. dxe4 Rxa1 36. Rxa1 Qxb4 37. Kg2 Qe7 38. Ra7 c5 39. Qf3 c4 40. g4 Qc7
41. h4 c3 42. Ra1 Be7 43. Rc1 b5 44. Qd3 b4 45. Qb5 Rb8 46. Qd5 b3 0-1

[Event "Dorsten- Katernberg 3"]
[Site "?"]
[Date "2022.09.25"]
[Round "2.7"]
[White "Rasch, Lukas"]
[Black "Passenberg, Joerg"]
[Result "1-0"]
[WhiteElo "1683"]
[BlackElo "1828"]
[PlyCount "101"]
[SourceDate "2022.10.02"]

1. e4 d6 2. d4 Nf6 3. Nc3 g6 4. f4 Bg7 5. Nf3 Bg4 6. Bc4 Bxf3 7. Qxf3 c6 8. Be3
Qa5 9. e5 Nd5 10. Bxd5 cxd5 11. Qxd5 Qxd5 12. Nxd5 Na6 13. c4 e6 14. Nc3 Nb4
15. O-O-O dxe5 16. fxe5 O-O 17. Bg5 f6 18. exf6 Bxf6 19. Bxf6 Rxf6 20. Rd2 Raf8
21. a3 Rf1+ 22. Rxf1 Rxf1+ 23. Nd1 Nc6 24. Kc2 Rh1 25. h3 Kf7 26. Ne3 Re1 27.
Ng4 Ke7 28. b4 h5 29. Nh2 Re3 30. Rd3 Re2+ 31. Kc3 Rxg2 32. Nf3 Rg3 33. h4 Rg2
34. Ng5 Rg4 35. Re3 Nxd4 36. Kd3 Nf5 37. Rxe6+ Kd7 38. Rxg6 Nxh4 39. Rg7+ Kc6
40. Ne6 Nf3 41. Nd8+ Kd6 42. c5+ Kd5 43. Rd7+ Ke5 44. Re7+ Kf4 45. Ne6+ Kg3 46.
Ng7 h4 47. Nf5+ Kf2 48. Nxh4 Rxh4 49. Rxb7 Ne5+ 50. Kc3 Rh3+ 51. Kd4 1-0

[Event "Dorsten- Katernberg 3"]
[Site "?"]
[Date "2022.09.25"]
[Round "2.8"]
[White "Dorn, Bjoern"]
[Black "Beetz, Ole"]
[Result "1/2-1/2"]
[WhiteElo "1667"]
[BlackElo "1615"]
[PlyCount "46"]
[SourceDate "2022.10.02"]

1. e4 c5 2. Nf3 d6 3. d4 cxd4 4. Nxd4 Nf6 5. Nc3 g6 6. Be3 Bg7 7. Qd2 Ng4 8. h3
Nxe3 9. Qxe3 Nc6 10. Nb3 O-O 11. Be2 Be6 12. O-O Rc8 13. a3 a5 14. Rab1 Bxb3
15. cxb3 Nd4 16. Bc4 Qd7 17. Nd5 Qd8 18. Rfd1 e6 19. Nc3 Nc2 20. Qd2 Nd4 21.
Qe3 Nc2 22. Qd3 Nd4 23. Qe3 Nc2 1/2-1/2

[Event "Hamm- Listiger Bauer"]
[Site "?"]
[Date "2022.09.25"]
[Round "2.1"]
[White "Mandl, Stefan"]
[Black "Frombach, Ralf"]
[Result "0-1"]
[WhiteElo "1964"]
[BlackElo "2149"]
[PlyCount "80"]
[SourceDate "2022.10.02"]

1. e4 c5 2. Nf3 e6 3. Nc3 Nc6 4. g3 a6 5. Bg2 g6 6. d4 cxd4 7. Nxd4 Bg7 8. Nxc6
bxc6 9. Qd6 Qe7 10. Bf4 e5 11. Qxe7+ Kxe7 12. Be3 d6 13. O-O Rb8 14. b3 Bh6 15.
Rfe1 Bxe3 16. Rxe3 Nh6 17. Rd1 f6 18. Red3 Nf7 19. Na4 Be6 20. c4 c5 21. Bf3
Rhd8 22. Kg2 Bd7 23. Nc3 Bc6 24. R1d2 Ng5 25. Nd5+ Bxd5 26. cxd5 Rb4 27. Re3
Rdb8 28. h4 Nxf3 29. Kxf3 a5 30. Rc3 f5 31. exf5 gxf5 32. Ke2 Kf6 33. Kd3 a4
34. Kc2 axb3+ 35. axb3 Ra8 36. Kb2 e4 37. f4 Kg6 38. Rd1 Kh5 39. Ra1 Rxa1 40.
Kxa1 Rd4 0-1

[Event "Hamm- Listiger Bauer"]
[Site "?"]
[Date "2022.09.25"]
[Round "2.2"]
[White "Happel, Heiner"]
[Black "Klups, Christoph"]
[Result "1/2-1/2"]
[WhiteElo "2197"]
[BlackElo "1958"]
[PlyCount "74"]
[SourceDate "2022.10.02"]

1. Nf3 e6 2. c4 Nf6 3. g3 b6 4. Bg2 Bb7 5. O-O d6 6. d4 Nbd7 7. Nc3 Be7 8. d5
e5 9. e4 Nc5 10. Ne1 a5 11. b3 h5 12. Nd3 Nxd3 13. Qxd3 Nd7 14. a3 Nc5 15. Qc2
h4 16. Be3 hxg3 17. hxg3 Ba6 18. Rab1 Qc8 19. Rfd1 Qg4 20. Nb5 Kd7 21. b4 Nb7
22. Qa4 Kd8 23. Nxc7 Kxc7 24. b5 Nc5 25. Bxc5 Bc8 26. Be3 Qh5 27. Rd3 Qh2+ 28.
Kf1 Bh3 29. Bxh3 Qh1+ 30. Ke2 Qxb1 31. Bg2 Qg1 32. Bf3 Rh2 33. c5 Bg5 34. cxd6+
Kb7 35. Qc2 Rc8 36. Rc3 Rxc3 37. Qxc3 Bxe3 1/2-1/2

[Event "Hamm- Listiger Bauer"]
[Site "?"]
[Date "2022.09.25"]
[Round "2.3"]
[White "Ball, Joerg"]
[Black "Prueß, Wilfried"]
[Result "0-1"]
[WhiteElo "1920"]
[BlackElo "2024"]
[PlyCount "74"]
[SourceDate "2022.10.02"]

1. e4 c5 2. c4 e5 3. Nc3 Nc6 4. g3 g6 5. Bg2 Bg7 6. Nge2 Nge7 7. O-O O-O 8. h3
d6 9. d3 h6 10. Be3 Nd4 11. f4 f5 12. a3 Rb8 13. Rb1 b5 14. cxb5 Nxb5 15. Nxb5
Rxb5 16. Nc3 Rb8 17. Kh2 Qc7 18. Qd2 Kh7 19. Rfc1 exf4 20. gxf4 Qa5 21. d4 fxe4
22. Bxe4 d5 23. Bc2 Nf5 24. Nxd5 Qxd2+ 25. Bxd2 Nxd4 26. Bd1 Bf5 27. b4 Be4 28.
Nc3 Bxb1 29. Rxb1 cxb4 30. axb4 Rbd8 31. Ne4 Rfe8 32. Nc5 Ne2 33. Be1 Nxf4 34.
Bf3 Nd3 35. Bg3 Re3 36. Nb7 Rc8 37. Bd1 Rc3 0-1

[Event "Hamm- Listiger Bauer"]
[Site "?"]
[Date "2022.09.25"]
[Round "2.4"]
[White "Schmidt, Ingo"]
[Black "Brandhorst, Dieter"]
[Result "1-0"]
[WhiteElo "1980"]
[BlackElo "1914"]
[PlyCount "101"]
[SourceDate "2022.10.02"]

1. e4 d6 2. d4 Nf6 3. Nc3 c6 4. a4 Qa5 5. Bd3 e5 6. Bd2 Qc7 7. d5 Be7 8. Nge2
Nbd7 9. O-O Nc5 10. b4 Nxd3 11. cxd3 O-O 12. Rc1 Qd8 13. Ng3 cxd5 14. exd5 Bg4
15. Qb3 Nh5 16. Nce2 Nxg3 17. Nxg3 Bd7 18. Rc2 Rc8 19. Rfc1 Rxc2 20. Qxc2 Re8
21. Be3 a6 22. a5 Qc8 23. Qc7 Qxc7 24. Rxc7 Bc8 25. Ne4 h6 26. f3 f5 27. Nd2 f4
28. Bf2 Bf5 29. Ne4 Bc8 30. Kf1 Kf8 31. Ke2 Rd8 32. Bb6 Re8 33. Nd2 g5 34. Nc4
g4 35. Bf2 gxf3+ 36. gxf3 Bf5 37. Rxb7 h5 38. Rb6 Kf7 39. Rxa6 Rg8 40. Ra7 Rg2
41. Nxd6+ Kf6 42. Nxf5 Bxb4 43. Nd4 exd4 44. Kf1 Rg8 45. Bxd4+ Kf5 46. a6 Rd8
47. Rf7+ Kg6 48. Rb7 Bd6 49. a7 Kf5 50. Rf7+ Kg5 51. Bf6+ 1-0

[Event "Hamm- Listiger Bauer"]
[Site "?"]
[Date "2022.09.25"]
[Round "2.5"]
[White "Petri, Norbert"]
[Black "Paduch, Alexander"]
[Result "0-1"]
[WhiteElo "1852"]
[BlackElo "1865"]
[PlyCount "72"]
[SourceDate "2022.10.02"]

1. c4 e5 2. Nc3 Nf6 3. g3 d5 4. cxd5 Nxd5 5. Bg2 Nb6 6. d3 Be7 7. Nf3 Nc6 8.
O-O O-O 9. a3 Be6 10. b4 a6 11. Be3 Nd5 12. Nxd5 Bxd5 13. Rc1 Re8 14. Bc5 Bf6
15. Nd2 Bxg2 16. Kxg2 Qd5+ 17. Kg1 g6 18. Qb3 Qxb3 19. Nxb3 e4 20. dxe4 Rxe4
21. Rc2 Rd8 22. e3 Rd3 23. Rb1 Re8 24. Kf1 Red8 25. Ke2 Rc3 26. Rxc3 Bxc3 27.
Rd1 Rxd1 28. Kxd1 f5 29. Bd4 Bxd4 30. Nxd4 Nxd4 31. exd4 Kf7 32. Ke2 Ke6 33. a4
Kd5 34. Kd3 b6 35. b5 axb5 36. axb5 c6 0-1

[Event "Hamm- Listiger Bauer"]
[Site "?"]
[Date "2022.09.25"]
[Round "2.6"]
[White "Klaus, Michael"]
[Black "Reich, Andreas"]
[Result "1/2-1/2"]
[WhiteElo "1853"]
[BlackElo "1778"]
[PlyCount "50"]
[SourceDate "2022.10.02"]

1. d4 d5 2. Nf3 Nf6 3. Bf4 Bf5 4. h3 h6 5. e3 e6 6. Bd3 Bxd3 7. Qxd3 c6 8. Nbd2
Nbd7 9. O-O Be7 10. Ne5 O-O 11. Qb3 Qb6 12. Rfc1 Nxe5 13. Bxe5 Nd7 14. Bg3 Rfc8
15. c3 Qa6 16. c4 b6 17. Rc2 dxc4 18. Qxc4 Qb7 19. b4 a5 20. bxa5 Rxa5 21. Nb3
Ra3 22. Rac1 Qa7 23. Qe2 c5 24. Qb5 Nf6 25. dxc5 bxc5 1/2-1/2

[Event "Hamm- Listiger Bauer"]
[Site "?"]
[Date "2022.09.25"]
[Round "2.7"]
[White "Jurev, Sergej"]
[Black "Happel, Juergen"]
[Result "1/2-1/2"]
[WhiteElo "1740"]
[BlackElo "1779"]
[PlyCount "36"]
[SourceDate "2022.10.02"]

1. d4 Nf6 2. c4 c6 3. Nc3 d5 4. Nf3 Bg4 5. Ne5 Be6 6. e3 Nbd7 7. Nxd7 Bxd7 8.
Qb3 Qb6 9. Be2 Qxb3 10. axb3 g6 11. Bd3 Bg7 12. O-O O-O 13. Rd1 Rfe8 14. e4
dxe4 15. Nxe4 Nxe4 16. Bxe4 Bf5 17. Bxf5 gxf5 18. Bf4 e6 1/2-1/2

[Event "Hamm- Listiger Bauer"]
[Site "?"]
[Date "2022.09.25"]
[Round "2.8"]
[White "Ittner, Ralf"]
[Black "Dreyer, Maximilian"]
[Result "1/2-1/2"]
[WhiteElo "1681"]
[BlackElo "1752"]
[PlyCount "37"]
[SourceDate "2022.10.02"]

1. d4 d5 2. Nf3 Nf6 3. c4 e6 4. Nc3 Be7 5. e3 O-O 6. Bd3 dxc4 7. Bxc4 Nbd7 8.
O-O b6 9. b3 Bb7 10. Bb2 Bb4 11. Rc1 Qe7 12. Qe2 a6 13. Bd3 Nd5 14. Nxd5 exd5
15. Rxc7 Bc8 16. Rfc1 Bd6 17. R7c2 Bb7 18. a4 Nf6 19. Ne5 1/2-1/2

[Event "Eichlinghofen 1-SV Bönen 1"]
[Site "?"]
[Date "2022.09.25"]
[Round "2.1"]
[White "Mönkemeyer, Maik"]
[Black "Watzlawek, Markus"]
[Result "1-0"]
[WhiteElo "1874"]
[BlackElo "2043"]
[PlyCount "99"]
[EventDate "2022.??.??"]
[SourceDate "2022.10.02"]
[WhiteTeam "SV Bönen 1"]
[BlackTeam "SV Eichlinghofen 1"]

1. d4 f5 2. Nc3 Nf6 3. Bg5 d5 4. Bxf6 exf6 5. e3 Be6 6. Bd3 Nc6 7. a3 Qd7 8.
Nge2 g5 9. Ng3 O-O-O 10. Nh5 Qf7 11. h3 f4 12. Qf3 f5 13. O-O-O Bh6 14. Kb1 g4
15. hxg4 fxg4 16. Qe2 f3 17. gxf3 gxf3 18. Qf1 Bg5 19. Na4 Bf5 20. Nc5 Na5 21.
Bxf5+ Qxf5 22. Qb5 b6 23. Nd3 c6 24. Qa4 Kb7 25. Ne5 Rd6 26. Rdg1 h6 27. Rg3
Nc4 28. Nxc4 dxc4 29. Qxc4 Rf8 30. Qd3 Qd7 31. Qe4 Re6 32. Qg4 Qd5 33. Rgh3 a5
34. Ng3 Ree8 35. Nf1 Re4 36. Qg1 Re7 37. Nd2 Ref7 38. Qg4 c5 39. Qe4 Qxe4 40.
Nxe4 Kc6 41. dxc5 bxc5 42. Rg3 Rf5 43. c4 Re5 44. Nd2 a4 45. Rxf3 Rb8 46. Rf7
Re6 47. Kc2 Bf6 48. Rxh6 Rxb2+ 49. Kc1 Rd6 50. Rfxf6 1-0

[Event "Eichlinghofen 1-SV Bönen 1"]
[Site "?"]
[Date "2022.09.25"]
[Round "2.2"]
[White "Brockmann, Michael"]
[Black "Merz, Martin"]
[Result "1-0"]
[WhiteElo "2055"]
[BlackElo "1968"]
[PlyCount "47"]
[EventDate "2022.??.??"]
[SourceDate "2022.10.02"]
[WhiteTeam "SV Eichlinghofen 1"]
[BlackTeam "SV Bönen 1"]

1. d4 Nf6 2. c4 e6 3. Nf3 d5 4. Nc3 Be7 5. Bg5 O-O 6. e3 Nbd7 7. Rc1 c6 8. Bd3
Re8 9. O-O dxc4 10. Bxc4 Nd5 11. Bf4 Nxf4 12. exf4 b6 13. Qe2 Bb7 14. Rfd1 Qc7
15. Ne5 Nf8 16. Qg4 Bf6 17. Ne4 Ng6 18. Rc3 Rad8 19. Rg3 c5 20. Nxf6+ gxf6 21.
Nxg6 hxg6 22. f5 Kg7 23. fxg6 f5 24. Qh5 1-0

[Event "Eichlinghofen 1-SV Bönen 1"]
[Site "?"]
[Date "2022.09.25"]
[Round "2.3"]
[White "Fuest, Torsten"]
[Black "Schütte, Tobias"]
[Result "0-1"]
[WhiteElo "1898"]
[BlackElo "1993"]
[PlyCount "47"]
[EventDate "2022.??.??"]
[SourceDate "2022.10.02"]
[WhiteTeam "SV Bönen 1"]
[BlackTeam "SV Eichlinghofen 1"]

1. d4 Nf6 2. Bf4 c5 3. c3 Qb6 4. Qc1 e6 5. e3 d5 6. Nf3 Nc6 7. Nbd2 Bd7 8. Bd3
Rc8 9. O-O Nh5 10. Bg3 Nxg3 11. hxg3 cxd4 12. exd4 Bd6 13. Re1 O-O 14. Nf1 Ne7
15. Ne3 f6 16. Qb1 h6 17. c4 Bb8 18. Nxd5 exd5 19. Rxe7 Qd6 20. Bh7+ Kh8 21.
Nh4 f5 22. Rxd7 Qxd7 23. Ng6+ Kxh7 24. Nxf8+ 0-1

[Event "Eichlinghofen 1-SV Bönen 1"]
[Site "?"]
[Date "2022.09.25"]
[Round "2.4"]
[White "Dreier, Daniel"]
[Black "Helmert, Jochen"]
[Result "1/2-1/2"]
[WhiteElo "1887"]
[BlackElo "1891"]
[PlyCount "39"]
[EventDate "2022.??.??"]
[SourceDate "2022.10.02"]
[WhiteTeam "SV Eichlinghofen 1"]
[BlackTeam "SV Bönen 1"]

1. e4 e5 2. f4 d5 3. exd5 c6 4. Nc3 exf4 5. Nf3 Nf6 6. d4 Nxd5 7. Nxd5 Qxd5 8.
Bd3 Bd6 9. O-O O-O 10. c4 Qh5 11. Bd2 Nd7 12. Qb3 Nf6 13. Rae1 b6 14. Ne5 Ng4
15. Bxf4 Nxe5 16. Bxe5 Bxe5 17. Rxe5 Qh6 18. Qd1 Qd6 19. Kh1 g6 20. Re4 1/2-1/2

[Event "Eichlinghofen 1-SV Bönen 1"]
[Site "?"]
[Date "2022.09.25"]
[Round "2.5"]
[White "Wegner, Stephan"]
[Black "Richter, Jan"]
[Result "1-0"]
[WhiteElo "1791"]
[BlackElo "1883"]
[PlyCount "66"]
[EventDate "2022.??.??"]
[SourceDate "2022.10.02"]
[WhiteTeam "SV Bönen 1"]
[BlackTeam "SV Eichlinghofen 1"]

1. e4 c5 2. Nc3 e6 3. Nge2 d5 4. exd5 exd5 5. d4 Nf6 6. g3 Nbd7 7. Bg2 cxd4 8.
Nxd4 Nb6 9. O-O Be7 10. a4 Bd7 11. a5 Nc4 12. Nxd5 Nxd5 13. Bxd5 Nxa5 14. Qh5
O-O 15. Be4 f5 16. Nxf5 Bxf5 17. Bxf5 Rxf5 18. Qxf5 Nc6 19. Be3 Bf6 20. Rfd1
Qf8 21. c3 Kh8 22. Rd7 b6 23. Qd5 Rc8 24. Rd1 Be7 25. Bg5 Bc5 26. Rf7 Qg8 27.
Rf5 Qe8 28. Qd7 h6 29. Bf4 a5 30. Rf7 Qg8 31. Qf5 Ne7 32. Qh5 Rc6 33. Be5 Rg6
1-0

[Event "Eichlinghofen 1-SV Bönen 1"]
[Site "?"]
[Date "2022.09.25"]
[Round "2.6"]
[White "Wloka, Sebastian"]
[Black "Lenz, Guntram"]
[Result "1/2-1/2"]
[WhiteElo "1865"]
[BlackElo "1814"]
[PlyCount "65"]
[EventDate "2022.??.??"]
[SourceDate "2022.10.02"]
[WhiteTeam "SV Eichlinghofen 1"]
[BlackTeam "SV Bönen 1"]

1. d4 Nf6 2. Bg5 d5 3. Bxf6 exf6 4. e3 Bd6 5. c4 c6 6. cxd5 cxd5 7. Nc3 Be6 8.
g3 O-O 9. Bg2 Bb4 10. Nge2 Qb6 11. O-O Rd8 12. Qb3 Bxc3 13. Qxb6 axb6 14. Nxc3
Nc6 15. a3 Na5 16. b4 Nc4 17. a4 f5 18. Rfc1 Nd2 19. Rc2 Ne4 20. Nb5 Bd7 21.
Bf1 Rdc8 22. Rxc8+ Rxc8 23. a5 bxa5 24. f3 Nd2 25. Nd6 Rc2 26. Bg2 g6 27. bxa5
Bc6 28. a6 bxa6 29. Rxa6 Bd7 30. e4 fxe4 31. fxe4 dxe4 32. Nxe4 Nxe4 33. Bxe4
1/2-1/2

[Event "Eichlinghofen 1-SV Bönen 1"]
[Site "?"]
[Date "2022.09.25"]
[Round "2.7"]
[White "Volling, Andreas"]
[Black "Dekhtyaryuk, Dimitri"]
[Result "1/2-1/2"]
[WhiteElo "1797"]
[BlackElo "1818"]
[PlyCount "59"]
[EventDate "2022.??.??"]
[SourceDate "2022.10.02"]
[WhiteTeam "SV Bönen 1"]
[BlackTeam "SV Eichlinghofen 1"]

1. d4 Nf6 2. c4 c5 3. d5 b5 4. Nd2 d6 5. e4 bxc4 6. Bxc4 g6 7. Ne2 Bg7 8. Nc3
a6 9. O-O O-O 10. Re1 Nbd7 11. Nf1 Nb6 12. Bb3 c4 13. Bc2 Qc7 14. Be3 Ng4 15.
Bd4 Ne5 16. Re2 Bg4 17. Ne3 Bxe2 18. Nxe2 Rab8 19. f4 Ned7 20. Bxg7 Kxg7 21.
Kh1 e5 22. f5 Nf6 23. Ng3 Qc5 24. Ng4 Qd4 25. Qf3 Qxb2 26. Rf1 Nxg4 27. Qxg4
Kh8 28. Qh4 Nd7 29. Ba4 Nc5 30. Qf6+ 1/2-1/2

[Event "Eichlinghofen 1-SV Bönen 1"]
[Site "?"]
[Date "2022.09.25"]
[Round "2.8"]
[White "Grewe, Markus"]
[Black "Schütz, Ralf"]
[Result "1/2-1/2"]
[WhiteElo "1792"]
[BlackElo "1755"]
[PlyCount "52"]
[EventDate "2022.??.??"]
[SourceDate "2022.10.02"]
[WhiteTeam "SV Eichlinghofen 1"]
[BlackTeam "SV Bönen 1"]

1. e4 d6 2. d4 Nf6 3. Bd3 e5 4. c3 Bg4 5. f3 Be6 6. Ne2 c6 7. O-O Qc7 8. f4 Bg4
9. Nd2 Nbd7 10. Nf3 Be7 11. Qc2 h6 12. Be3 a6 13. Rad1 Bxf3 14. Rxf3 Ng4 15.
Bc1 Ngf6 16. Rdf1 c5 17. fxe5 dxe5 18. Bc4 Nb6 19. Qb3 Nxc4 20. Qxc4 b5 21. Qd3
Rd8 22. d5 c4 23. Qc2 Bc5+ 24. Kh1 Rd7 25. Ng3 Kd8 26. Nf5 Ne8 1/2-1/2

[Event "Unser Fritz- Oberhausen 2"]
[Site "?"]
[Date "2022.09.25"]
[Round "2.1"]
[White "Joergens, Markus"]
[Black "Distelrath, Oliver"]
[Result "1-0"]
[WhiteElo "2026"]
[BlackElo "1854"]
[PlyCount "93"]
[SourceDate "2022.10.02"]

1. d4 d5 2. c4 Nc6 3. Nc3 Nf6 4. Bg5 Ne4 5. cxd5 Nxc3 6. bxc3 Qxd5 7. Nf3 Bg4
8. Qb3 e6 9. Rb1 f6 10. Bd2 Qxb3 11. axb3 O-O-O 12. b4 e5 13. dxe5 Bxf3 14.
exf3 Nxe5 15. Ra1 Kb8 16. Be3 b6 17. Ba6 Nd3+ 18. Ke2 Ne5 19. Ra2 c6 20. Rha1
Kc7 21. f4 Nd7 22. Bd3 a5 23. bxa5 b5 24. a6 Bc5 25. a7 Ra8 26. c4 Bxe3 27.
fxe3 Nc5 28. cxb5 Nxd3 29. Kxd3 cxb5 30. Ra6 Rhe8 31. e4 Kb7 32. R1a5 Rad8+ 33.
Ke3 Ra8 34. Rd6 Kc7 35. Rd5 Re7 36. Rdxb5 Kc6 37. Rc5+ Kd6 38. e5+ fxe5 39.
fxe5+ Ke6 40. Rc6+ Kf7 41. Rca6 Rb7 42. Ra3 Rb5 43. Kd4 Rb7 44. e6+ Ke8 45. Ke5
Ke7 46. Rf3 Ke8 47. Rf7 1-0

[Event "Unser Fritz- Oberhausen 2"]
[Site "?"]
[Date "2022.09.25"]
[Round "2.2"]
[White "Nowicki, Heiko"]
[Black "Matzat, Andre"]
[Result "0-1"]
[WhiteElo "1792"]
[BlackElo "2023"]
[PlyCount "40"]
[SourceDate "2022.10.02"]

1. e4 c5 2. b4 cxb4 3. a3 e5 4. Bb2 Nc6 5. Nf3 Qb6 6. Bc4 bxa3 7. Bc3 Bb4 8.
Bxb4 Qxb4 9. Nxa3 Nf6 10. c3 Qe7 11. Nb5 d6 12. Ng5 O-O 13. Qe2 h6 14. Nf3 a6
15. Na3 Be6 16. Nh4 Nxe4 17. Qxe4 d5 18. Nf5 Qd7 19. Bxd5 Bxf5 20. Qc4 Rad8 0-1

[Event "Unser Fritz- Oberhausen 2"]
[Site "?"]
[Date "2022.09.25"]
[Round "2.3"]
[White "Krueger, Andre"]
[Black "Rutz, Dirk"]
[Result "1-0"]
[WhiteElo "1963"]
[BlackElo "2006"]
[PlyCount "47"]
[SourceDate "2022.10.02"]

1. d4 Nf6 2. Nc3 g6 3. Bf4 Bg7 4. Qd2 O-O 5. O-O-O b5 6. Nxb5 Na6 7. Qa5 Rb8 8.
e3 d6 9. Nf3 Rb6 10. c4 c5 11. Be2 Ne4 12. Rhf1 Bd7 13. Nd2 Nxd2 14. Rxd2 Qb8
15. Nc3 Rc8 16. Nd5 Nb4 17. Nxe7+ Kh8 18. Nxc8 Qxc8 19. dxc5 dxc5 20. Rfd1 Be8
21. Qxa7 Rc6 22. Rd8 Qe6 23. Qb8 Nxa2+ 24. Kd2 1-0

[Event "Unser Fritz- Oberhausen 2"]
[Site "?"]
[Date "2022.09.25"]
[Round "2.4"]
[White "Rostek, Joerg"]
[Black "Groß, Thomas"]
[Result "0-1"]
[WhiteElo "1822"]
[BlackElo "1915"]
[PlyCount "88"]
[SourceDate "2022.10.02"]

1. e4 c6 2. d4 d5 3. exd5 cxd5 4. Bd3 Nc6 5. c3 Qc7 6. Ne2 Bg4 7. f3 Bd7 8. Bf4
e5 9. dxe5 Nxe5 10. O-O Bd6 11. Bg3 Ne7 12. Nd4 O-O 13. a4 Qb6 14. b4 a5 15.
Bf2 Nxd3 16. Qxd3 Qc7 17. Na3 Bxh2+ 18. Kh1 Qe5 19. Rfe1 Qh5 20. g4 Qh3 21. Qf1
Qxf1+ 22. Rxf1 axb4 23. Nab5 Be5 24. cxb4 Nc6 25. Rad1 Nxd4 26. Bxd4 Bxd4 27.
Rxd4 Bc6 28. Nc3 Bxa4 29. Rxd5 Bc6 30. Re5 Rfe8 31. Rxe8+ Bxe8 32. Re1 Kf8 33.
Rc1 Rc8 34. Kg2 Rc4 35. Na2 Rxc1 36. Nxc1 Bb5 37. Nb3 Ke7 38. Kf2 Kd6 39. Ke3
Kd5 40. Nd2 Ba4 41. Kd3 Bd1 42. Ke3 Bc2 43. f4 Bd1 44. g5 h5 0-1

[Event "Unser Fritz- Oberhausen 2"]
[Site "?"]
[Date "2022.09.25"]
[Round "2.5"]
[White "Gerst, Michael"]
[Black "Tober, Julian"]
[Result "1/2-1/2"]
[WhiteElo "1905"]
[BlackElo "1837"]
[PlyCount "51"]
[SourceDate "2022.10.02"]

1. Nf3 c5 2. c4 g6 3. g3 Bg7 4. Bg2 e5 5. d3 Ne7 6. Nc3 O-O 7. O-O Nbc6 8. a3
d6 9. Rb1 Be6 10. Ng5 Bf5 11. b4 cxb4 12. axb4 h6 13. Nge4 a6 14. b5 axb5 15.
Rxb5 b6 16. e3 Na7 17. Rb3 Rb8 18. Ba3 Nec8 19. Qe2 Be6 20. Nb5 Nxb5 21. Rxb5
f5 22. Nc3 e4 23. Nd5 Ra8 24. Bb2 Bxd5 25. Bxg7 Bxc4 26. dxc4 1/2-1/2

[Event "Unser Fritz- Oberhausen 2"]
[Site "?"]
[Date "2022.09.25"]
[Round "2.6"]
[White "Koch, Till"]
[Black "Stefaniak, Christian"]
[Result "1/2-1/2"]
[WhiteElo "1807"]
[BlackElo "1873"]
[PlyCount "51"]
[SourceDate "2022.10.02"]

1. e4 e6 2. d4 d5 3. e5 c5 4. c3 Nc6 5. f4 cxd4 6. cxd4 Qb6 7. Nf3 Nh6 8. Bd3
Bd7 9. Bc2 Nb4 10. Nc3 Nxc2+ 11. Qxc2 Nf5 12. Qf2 h5 13. O-O Rc8 14. Rd1 Be7
15. Bd2 a6 16. b3 g6 17. Kh1 Qd8 18. Be1 Kf8 19. Rac1 Kg7 20. Ne2 Rxc1 21. Rxc1
Bc6 22. Ng3 Nh6 23. h3 h4 24. Nf1 Nf5 25. Qd2 Qb6 26. Ne3 1/2-1/2

[Event "Unser Fritz- Oberhausen 2"]
[Site "?"]
[Date "2022.09.25"]
[Round "2.7"]
[White "Kraus, Kilian"]
[Black "Prang, Andreas"]
[Result "1-0"]
[WhiteElo "1892"]
[BlackElo "1771"]
[PlyCount "127"]
[SourceDate "2022.10.02"]

1. d4 Nf6 2. c4 c5 3. e3 g6 4. Nf3 Bg7 5. Bd3 O-O 6. Nc3 cxd4 7. exd4 d5 8. O-O
Nc6 9. Re1 Bg4 10. cxd5 Nxd5 11. Be4 Nf6 12. Bxc6 bxc6 13. h3 Bxf3 14. Qxf3 Nd5
15. Bg5 Re8 16. Rad1 Rb8 17. Nxd5 cxd5 18. Qa3 Rb7 19. Re2 h6 20. Bf4 e6 21.
Rc2 Qb6 22. Qc5 Bf8 23. Qxb6 axb6 24. Rdc1 Bg7 25. Be3 Kf8 26. Kf1 Rd8 27. Ke2
Ke7 28. Kd3 Rdd7 29. Bf4 Ra7 30. b3 Ra3 31. Bd2 Ra8 32. a4 Raa7 33. Bf4 f6 34.
Re2 Kf7 35. Rc6 Re7 36. Bd6 Reb7 37. Rec2 b5 38. axb5 Rxb5 39. Rc7+ Rxc7 40.
Rxc7+ Kg8 41. b4 e5 42. Bc5 Rb8 43. Rd7 e4+ 44. Ke3 h5 45. Rxd5 Bh6+ 46. Kxe4
Bd2 47. Rd7 Bxb4 48. Bxb4 Rxb4 49. Kd5 Kf8 50. Ke6 Ke8 51. Rd6 f5 52. Ra6 Kd8
53. d5 Re4+ 54. Kd6 Kc8 55. Ra8+ Kb7 56. Rg8 Re2 57. Rxg6 Rxf2 58. Ke7 Re2+ 59.
Kd7 f4 60. d6 h4 61. Kd8 Rd2 62. d7 Re2 63. Rg7 Rd2 64. Ke8 1-0

[Event "Unser Fritz- Oberhausen 2"]
[Site "?"]
[Date "2022.09.25"]
[Round "2.8"]
[White "Goeßling, Juergen"]
[Black "Seibert, Michael"]
[Result "0-1"]
[WhiteElo "1736"]
[BlackElo "1954"]
[PlyCount "56"]
[SourceDate "2022.10.02"]

1. e4 c5 2. Nf3 Nc6 3. d4 cxd4 4. c3 d5 5. Nxd4 dxe4 6. Qa4 Bd7 7. Bb5 Nxd4 8.
Bxd7+ Qxd7 9. Qxd7+ Kxd7 10. cxd4 e6 11. Nc3 f5 12. Ke2 Nf6 13. Rf1 Bb4 14. Bd2
Rac8 15. f3 exf3+ 16. Rxf3 Bxc3 17. bxc3 Ne4 18. Rb1 b6 19. Rb3 Rc4 20. Be1 g6
21. Kd3 Ra4 22. a3 Rc8 23. g4 Ng5 24. Rg3 f4 25. Rg2 e5 26. dxe5 Ke6 27. Bf2
Rd8+ 28. Bd4 Nf3 0-1